| 000 | 00832nam a2200205 i 4500 | ||
|---|---|---|---|
| 001 | 160578 | ||
| 003 | ES-MaACL | ||
| 005 | 20251015145633.0 | ||
| 008 | 990511s1869 sp a |||| | spa d | ||
| 040 |
_aCCPB | B _bspa _cCCPB | B |
||
| 100 | 1 |
_aNavarro y Rodrigo, Carlos, _d1833-1903 _985192 |
|
| 245 | 1 | 3 |
_aEl Cardenal Cisneros _b: estudio biográfico / _cpor Carlos Navarro y Rodrigo. |
| 260 |
_aMadrid : _b[s.n.], _c1869 ( _fTipografía de Gregorio Estrada) |
||
| 300 |
_aVII, 223 p., [1] h. de lám. ; _c25 cm. |
||
| 599 | _aLa h. de grab. lit.: "D. Martinez lo do y go", retrato del Cardenal Cisneros. | ||
| 600 | 1 | 4 |
_aJiménez de Cisneros, Francisco, _d1436-1517 _966495 |
| 651 |
_aEspaña- _xHistoria- _y1474-1516, Reyes Católicos. _98222 |
||
| 852 |
_aES-MaACL _jF-743 _z-- Enc. hol. |
||
| 999 |
_c160578 _d160578 |
||